000
00221nam a22000977a 4500
999
_c
533514
_d
533514
040
_c
kl
082
_a
624.1710152
_b
BHA
100
_a
M.Ashghar Bhatti
_9
27449
245
_a
Advance topic in finite element
942
_2
ddc
_c
BK